|
|
|
|
| LEADER |
01507ppm a22003618a 4500 |
| 001 |
00032518 |
| 008 |
140926s2014 ||||||viesd |
| 005 |
20171026081025.0 |
| 041 |
0 |
# |
|a vie
|
| 082 |
1 |
4 |
|a 959.704
|b KH106CH
|
| 100 |
0 |
# |
|a Nguyễn, Thị Cẩm Giang
|
| 245 |
1 |
0 |
|a Kháng chiến chống Mỹ cứu nước và những đóng góp của các nhân vật lịch sử tiêu biểu ở tỉnh Đồng Tháp từ 1954 đến 1975
|b Khóa luận tốt nghiệp : Ngành Sư phạm Lịch sử: Trình độ : Đại học
|c Nguyễn Thị Cẩm Giang, Phan Thị Kim Lan; Phạm Xuân Vũ (hướng dẫn)
|
| 260 |
# |
# |
|a Đồng Tháp
|b Trường Đại học Đồng Tháp
|c 2014
|
| 300 |
# |
# |
|e 1 CD + 1 bản tóm tắt
|a 73 tr.
|c 30 cm.
|
| 500 |
# |
# |
|a ĐTTS ghi: Bộ Giáo Dục và Đào tạo. Trường Đại học Đồng Tháp. Khoa Sư phạm Văn - Sử - Địa
|
| 653 |
# |
# |
|a 1954-1975
|
| 653 |
# |
# |
|a Chống Mỹ
|
| 653 |
# |
# |
|a Đồng Tháp
|
| 653 |
# |
# |
|a Việt Nam
|
| 653 |
# |
# |
|a Nh6an vật tiêu biểu
|
| 653 |
# |
# |
|a Lịch sử
|
| 700 |
1 |
# |
|a Phan, Thị Kim Lan
|
| 700 |
1 |
# |
|a Phạm, Xuân Vũ
|e hướng dẫn
|
| 852 |
# |
# |
|j KD.0016077
|
| 852 |
# |
# |
|b Kho đọc
|j KD.0016077
|
| 910 |
0 |
# |
|d 26/9/2014
|
| 980 |
# |
# |
|a Trung tâm Học liệu Lê Vũ Hùng, Trường Đại học Đồng Tháp
|